000 00359nam a2200121Ia 4500
008 240731s9999 xx 000 0 und d
022 _a1854-8377
245 0 _aJavnost - The Public : Journal of the European Institute for Communication and Culture
260 _bRoutledge
856 _uhttps://www.tandfonline.com/loi/rjav20
942 _2ddc
942 _cTFEJ
999 _c77376
_d77376
945 _a1
_bMadushi Gamage
_c1
_dMadushi Gamage